000 00539nam a22001937a 4500
003 Ost
005 20250318174019.0
008 250318b |||||||| |||| 00| 0 eng d
020 _a9788122433647
040 _cBT-PhCST
050 _a25216-25217
082 _222
_a621.402
_bKOT
100 _aKothandaraman, C.P
245 _aFundamentals of heat and mass transfer :
250 _a4 ed.
260 _aLondon. New Delhi. Nairobi :
_bNew Age International Publishers,
_cc2020
300 _axvi, 850 p. :
_bill. ;
_c24 cm.
942 _2ddc
_cMEC
999 _c9914
_d9914